[Event "3rd Memorial Warakomska 2019"]
[Site "Suwalki"]
[Date "2019.08.09"]
[Round "6.39"]
[White "Antolak, Julia"]
[Black "Luba, Lukasz"]
[Result "1/2-1/2"]
[WhiteElo "2258"]
[BlackElo "2177"]
[Annotator "NA"]
[PlyCount "133"]
[EventDate "2019.08.05"]
[EventType "swiss"]
[EventCountry "POL"]
[SourceTitle "playchess.com"]
[Source "ChessBase"]
[SourceQuality "1"]
[TimeControl "40/5400+30:1800+30"]

1. e4 {[%emt 0:00:00]} e5 {[%emt 0:00:52]} 2. Nf3 {[%emt 0:00:00]} d6 {[%emt 0:01:10]} 3. d4 {[%emt 0:03:39]} exd4 {[%emt 0:03:10]} 4. Qxd4 {[%emt 0:02:21]} Nf6 {[%emt 0:03:58]} 5. Nc3 {[%emt 0:02:06]} Nc6 {[%emt 0:04:17]} 6. Qe3 {[%emt 0:01:26]} Be7 {[%emt 0:07:45]} 7. Bd2 {[%emt 0:01:10]} O-O {[%emt 0:03:39]} 8. O-O-O {[%emt 0:02:51]} Re8 {[%emt 0:01:59]} 9. Bc4 {[%emt 0:09:55]} Ne5 {[%emt 0:10:23]} 10. Nxe5 {[%emt 0:05:39]} dxe5 {[%emt 0:00:07]} 11. Qg3 {[%emt 0:03:43]} Nd7 {[%emt 0:20:27]} 12. f4 {[%emt 0:04:33]} Bh4 {[%emt 0:04:19]} 13. Qf3 {[%emt 0:03:28]} c6 {[%emt 0:00:49]} 14. Rhf1 {[%emt 0:02:57]} Qe7 {[%emt 0:01:32]} 15. g4 {[%emt 0:11:14]} exf4 {[%emt 0:06:55]} 16. Bxf4 {[%emt 0:04:42]} Bg5 {[%emt 0:00:20]} 17. Bxg5 {[%emt 0:05:09]} Qxg5+ {[%emt 0:00:07]} 18. Kb1 {[%emt 0:00:30]} Nf6 {[%emt 0:00:26]} 19. h3 {[%emt 0:00:51]} Be6 {[%emt 0:00:15]} 20. Bxe6 {[%emt 0:01:45]} Rxe6 {[%emt 0:02:59]} 21. Rd3 {[%emt 0:04:00]} Rae8 {[%emt 0:00:53]} 22. Rfd1 {[%emt 0:00:41]} h5 {[%emt 0:00:07]} 23. gxh5 {[%emt 0:03:22]} Nxe4 {[%emt 0:01:39]} 24. Nxe4 {[%emt 0:00:37]} Rxe4 {[%emt 0:00:06]} 25. Rd7 {[%emt 0:01:54]} R4e7 {[%emt 0:03:33]} 26. a3 {[%emt 0:02:36]} Kh7 {[%emt 0:05:12]} 27. Qd3+ {[%emt 0:02:28]} Kh6 {[%emt 0:02:26]} 28. Rd4 {[%emt 0:04:56]} Qxh5 {[%emt 0:01:51]} 29. Qc4 {[%emt 0:04:12]} Re4 {[%emt 0:01:08]} 30. Rg1 {[%emt 0:00:51]} Qf5 {[%emt 0:03:59]} 31. Qc3 {[%emt 0:03:07]} Qf2 {[%emt 0:02:02]} 32. Rdd1 {[%emt 0:01:48]} f6 {[%emt 0:02:06]} 33. Ka2 {[%emt 0:02:08]} Qf5 {[%emt 0:01:18]} 34. Qg3 {[%emt 0:00:35]} g5 {[%emt 0:00:17]} 35. Rgf1 {[%emt 0:01:41]} Qg6 {[%emt 0:00:52]} 36. Rd7 {[%emt 0:01:52]} R4e7 {[%emt 0:00:19]} 37. Rxe7 {[%emt 0:00:59]} Rxe7 {[%emt 0:00:11]} 38. h4 {[%emt 0:00:07]} g4 {[%emt 0:00:44]} 39. Qf4+ {[%emt 0:01:42]} Kh5 {[%emt 0:00:22]} 40. Qd6 {[%emt 0:00:00]} Qf7+ {[%emt 0:00:00]} 41. b3 {[%emt 0:04:11]} Qe6 {[%emt 0:07:42]} 42. Qd4 {[%emt 0:06:42]} Qe5 {[%emt 0:05:33]} 43. Qd8 {[%emt 0:02:42]} f5 {[%emt 0:05:43]} 44. Qf8 {[%emt 0:06:08]} Kxh4 {[%emt 0:04:46]} 45. Rxf5 {[%emt 0:02:09]} Qg7 {[%emt 0:00:51]} 46. Qd8 {[%emt 0:03:33]} Qh7 {[%emt 0:03:02]} 47. Rf2 {[%emt 0:02:55]} Kg3 {[%emt 0:01:54]} 48. Qd2 {[%emt 0:02:02]} Qe4 {[%emt 0:00:37]} 49. Rf1 {[%emt 0:02:50]} Qe3 {[%emt 0:01:02]} 50. Qd6+ {[%emt 0:01:32]} Kg2 {[%emt 0:00:34]} 51. Rd1 {[%emt 0:00:06]} Qf3 {[%emt 0:01:17]} 52. Qd4 {[%emt 0:01:48]} g3 {[%emt 0:01:59]} 53. Qg1+ {[%emt 0:00:27]} Kh3 {[%emt 0:00:03]} 54. Rd3 {[%emt 0:00:53]} Qg2 {[%emt 0:00:43]} 55. Qc5 {[%emt 0:00:27]} Re5 {[%emt 0:00:50]} 56. Qc3 {[%emt 0:00:56]} Kh2 {[%emt 0:01:02]} 57. Rd2 {[%emt 0:00:27]} Re2 {[%emt 0:00:05]} 58. Qh8+ {[%emt 0:00:02]} Kg1 {[%emt 0:00:27]} 59. Rd1+ {[%emt 0:00:18]} Qf1 {[%emt 0:00:36]} 60. Qd4+ {[%emt 0:01:00]} Rf2 {[%emt 0:00:04]} 61. Rxf1+ {[%emt 0:00:36]} Kxf1 {[%emt 0:00:05]} 62. Qd3+ {[%emt 0:00:23]} Kg2 {[%emt 0:00:10]} 63. Qe4+ {[%emt 0:00:07]} Kf1 {[%emt 0:00:39]} 64. Qh1+ {[%emt 0:00:40]} Ke2 {[%emt 0:00:06]} 65. Qe4+ {[%emt 0:00:08]} Kf1 {[%emt 0:00:08]} 66. Qh1+ {[%emt 0:00:45]} Ke2 {[%emt 0:00:04]} 67. Qe4+ 1/2-1/2

[Event "3rd Memorial Warakomska 2019"]
[Site "Suwalki"]
[Date "2019.08.09"]
[Round "6.40"]
[White "Balinski, Damian"]
[Black "Shpanko, Nadiia"]
[Result "1/2-1/2"]
[WhiteElo "2176"]
[BlackElo "2132"]
[Annotator "NA"]
[PlyCount "144"]
[EventDate "2019.08.05"]
[EventType "swiss"]
[EventCountry "POL"]
[SourceTitle "playchess.com"]
[Source "ChessBase"]
[SourceQuality "1"]
[TimeControl "40/5400+30:1800+30"]

1. c4 {[%emt 0:00:00]} e6 {[%emt 0:00:00]} 2. g3 {[%emt 0:00:00]} d5 {[%emt 0:00:00]} 3. Bg2 {[%emt 0:00:00]} Nf6 {[%emt 0:00:12]} 4. Nf3 {[%emt 0:00:00]} Be7 {[%emt 0:00:59]} 5. O-O {[%emt 0:00:03]} O-O {[%emt 0:00:21]} 6. b3 {[%emt 0:00:14]} c5 {[%emt 0:01:43]} 7. e3 {[%emt 0:01:26]} b6 {[%emt 0:01:11]} 8. Bb2 {[%emt 0:01:24]} Bb7 {[%emt 0:00:34]} 9. Qe2 {[%emt 0:01:02]} Nc6 {[%emt 0:04:07]} 10. Rd1 {[%emt 0:02:00]} Qc7 {[%emt 0:09:02]} 11. Nc3 {[%emt 0:00:52]} dxc4 {[%emt 0:02:42]} 12. bxc4 {[%emt 0:00:03]} Rad8 {[%emt 0:01:28]} 13. Rac1 {[%emt 0:09:15]} Rd7 {[%emt 0:11:56]} 14. d4 {[%emt 0:31:07]} Rfd8 {[%emt 0:02:40]} 15. d5 {[%emt 0:02:46]} exd5 {[%emt 0:07:11]} 16. Bh3 {[%emt 0:00:25]} dxc4 {[%emt 0:02:55]} 17. Bxd7 {[%emt 0:00:08]} Rxd7 {[%emt 0:00:10]} 18. Qxc4 {[%emt 0:07:42]} Na5 {[%emt 0:05:49]} 19. Qe2 {[%emt 0:00:22]} Qc6 {[%emt 0:04:53]} 20. Rxd7 {[%emt 0:03:38]} Nxd7 {[%emt 0:00:50]} 21. e4 {[%emt 0:00:19]} Qe6 {[%emt 0:01:06]} 22. Rd1 {[%emt 0:05:14]} h6 {[%emt 0:04:20]} 23. Nd5 {[%emt 0:04:15]} Bxd5 {[%emt 0:06:24]} 24. Rxd5 {[%emt 0:00:02]} Nf6 {[%emt 0:00:30]} 25. Re5 {[%emt 0:10:10]} Qd7 {[%emt 0:00:29]} 26. Qd2 {[%emt 0:00:24]} Qb7 {[%emt 0:01:50]} 27. Qc3 {[%emt 0:00:42]} Kf8 {[%emt 0:01:17]} 28. Rf5 {[%emt 0:07:44]} Qxe4 {[%emt 0:01:37]} 29. Re5 {[%emt 0:02:32]} Qb1+ {[%emt 0:04:37]} 30. Qe1 {[%emt 0:00:29]} Qxe1+ {[%emt 0:00:05]} 31. Rxe1 {[%emt 0:00:05]} Nc4 {[%emt 0:01:51]} 32. Ba1 {[%emt 0:00:33]} b5 {[%emt 0:00:54]} 33. Ne5 {[%emt 0:01:59]} Nxe5 {[%emt 0:00:12]} 34. Bxe5 {[%emt 0:00:01]} a5 {[%emt 0:00:59]} 35. a4 {[%emt 0:04:51]} b4 {[%emt 0:00:23]} 36. Rc1 {[%emt 0:01:34]} Nd5 {[%emt 0:01:05]} 37. Kf1 {[%emt 0:01:31]} f6 {[%emt 0:02:31]} 38. Bb8 {[%emt 0:02:17]} Nb6 {[%emt 0:01:08]} 39. Bc7 {[%emt 0:00:26]} Nxa4 {[%emt 0:01:11]} 40. Bxa5 {[%emt 0:00:00]} Nc3 {[%emt 0:00:00]} 41. Ke1 {[%emt 0:01:57]} Ke8 {[%emt 0:12:20]} 42. Kd2 {[%emt 0:01:12]} Kd7 {[%emt 0:02:02]} 43. Kd3 {[%emt 0:00:56]} Kc6 {[%emt 0:00:37]} 44. Re1 {[%emt 0:07:30]} Bd6 {[%emt 0:01:37]} 45. Bd8 {[%emt 0:10:46]} Kb5 {[%emt 0:06:59]} 46. Re6 {[%emt 0:04:15]} c4+ {[%emt 0:00:17]} 47. Kd2 Bc5 {[%emt 0:01:34]} 48. Be7 {[%emt 0:02:48]} Bd4 {[%emt 0:02:06]} 49. Bf8 {[%emt 0:02:33]} b3 {[%emt 0:00:55]} 50. Bxg7 {[%emt 0:00:59]} b2 {[%emt 0:00:12]} 51. Re1 {[%emt 0:00:26]} b1=Q {[%emt 0:00:06]} 52. Rxb1+ {[%emt 0:00:06]} Nxb1+ {[%emt 0:00:04]} 53. Kc1 {[%emt 0:00:11]} Nc3 {[%emt 0:02:00]} 54. Bxh6 {[%emt 0:00:09]} Bxf2 {[%emt 0:00:08]} 55. Kd2 {[%emt 0:00:47]} Ne4+ {[%emt 0:00:43]} 56. Ke2 {[%emt 0:00:33]} Bd4 {[%emt 0:00:48]} 57. Bc1 {[%emt 0:01:49]} Bg1 {[%emt 0:01:42]} 58. h4 {[%emt 0:02:20]} Nxg3+ {[%emt 0:00:16]} 59. Kf3 {[%emt 0:00:33]} Nf5 {[%emt 0:00:08]} 60. h5 {[%emt 0:01:14]} Bh2 {[%emt 0:02:52]} 61. Kg4 {[%emt 0:00:46]} Ne7 {[%emt 0:00:15]} 62. h6 {[%emt 0:00:28]} Be5 {[%emt 0:00:13]} 63. h7 {[%emt 0:00:48]} f5+ {[%emt 0:00:12]} 64. Kg5 {[%emt 0:00:05]} c3 {[%emt 0:00:35]} 65. Ba3 {[%emt 0:01:06]} c2 {[%emt 0:00:09]} 66. Bc1 {[%emt 0:00:12]} Kc4 {[%emt 0:00:15]} 67. Kh5 {[%emt 0:00:40]} Kd3 {[%emt 0:00:20]} 68. Bf4 {[%emt 0:00:34]} Bh8 {[%emt 0:00:05]} 69. Bg5 {[%emt 0:00:30]} Ke2 {[%emt 0:00:11]} 70. Kh4 {[%emt 0:00:33]} Kd1 {[%emt 0:00:09]} 71. Kg3 {[%emt 0:00:20]} c1=Q {[%emt 0:00:06]} 72. Bxc1 {[%emt 0:00:04]} Kxc1 {[%emt 0:00:05]} 1/2-1/2

[Event "3rd Memorial Warakomska 2019"]
[Site "Suwalki"]
[Date "2019.08.09"]
[Round "6.41"]
[White "Praczukowski, Stanislaw"]
[Black "Zakrzewski, Marek"]
[Result "0-1"]
[WhiteElo "2166"]
[BlackElo "2311"]
[Annotator "NA"]
[PlyCount "82"]
[EventDate "2019.08.05"]
[EventType "swiss"]
[EventCountry "POL"]
[SourceTitle "playchess.com"]
[Source "ChessBase"]
[SourceQuality "1"]
[TimeControl "40/5400+30:1800+30"]

1. e4 {[%emt 0:00:00]} c5 {[%emt 0:00:00]} 2. Nf3 {[%emt 0:00:00]} e6 {[%emt 0:00:00]} 3. d4 {[%emt 0:00:00]} cxd4 {[%emt 0:00:00]} 4. Nxd4 {[%emt 0:00:00]} Nc6 {[%emt 0:00:00]} 5. Nc3 {[%emt 0:00:18]} Qc7 {[%emt 0:00:00]} 6. Be2 {[%emt 0:00:58]} a6 {[%emt 0:00:15]} 7. O-O {[%emt 0:00:53]} Nf6 {[%emt 0:00:11]} 8. Be3 {[%emt 0:00:59]} Bb4 {[%emt 0:00:08]} 9. Nxc6 {[%emt 0:00:49]} bxc6 {[%emt 0:00:08]} 10. Qd4 {[%emt 0:00:15]} c5 {[%emt 0:00:16]} 11. Qc4 {[%emt 0:00:08]} O-O {[%emt 0:00:49]} 12. Bf3 {[%emt 0:08:06]} d6 {[%emt 0:01:12]} 13. a3 {[%emt 0:09:13]} Bxc3 {[%emt 0:03:59]} 14. Qxc3 {[%emt 0:00:46]} Bb7 {[%emt 0:00:18]} 15. e5 {[%emt 0:07:08]} dxe5 {[%emt 0:00:09]} 16. Qxc5 {[%emt 0:02:35]} Rac8 {[%emt 0:00:09]} 17. Qxc7 {[%emt 0:01:21]} Rxc7 {[%emt 0:05:15]} 18. Bxb7 {[%emt 0:11:05]} Rxb7 {[%emt 0:00:07]} 19. Rab1 {[%emt 0:05:25]} Rc8 {[%emt 0:02:28]} 20. Rfc1 {[%emt 0:02:17]} Rbc7 {[%emt 0:00:15]} 21. c3 {[%emt 0:00:46]} Nd5 {[%emt 0:00:06]} 22. Kf1 {[%emt 0:02:08]} f5 {[%emt 0:09:06]} 23. g3 {[%emt 0:02:41]} Kf7 {[%emt 0:00:58]} 24. Ke2 {[%emt 0:00:43]} Rc4 {[%emt 0:05:56]} 25. Bd2 {[%emt 0:03:07]} a5 {[%emt 0:03:02]} 26. b4 {[%emt 0:02:56]} a4 {[%emt 0:09:56]} 27. Rb2 {[%emt 0:03:46]} Ke7 {[%emt 0:05:25]} 28. Rbc2 {[%emt 0:02:39]} e4 {[%emt 0:03:34]} 29. Kf1 {[%emt 0:02:29]} e5 {[%emt 0:03:06]} 30. Be3 {[%emt 0:01:02]} Ke6 {[%emt 0:01:24]} 31. Bc5 {[%emt 0:00:34]} f4 {[%emt 0:04:33]} 32. Ke2 {[%emt 0:01:34]} g5 {[%emt 0:04:40]} 33. f3 {[%emt 0:01:54]} Nf6 {[%emt 0:14:05]} 34. Rd2 {[%emt 0:05:12]} exf3+ {[%emt 0:00:35]} 35. Kxf3 {[%emt 0:01:04]} e4+ {[%emt 0:00:19]} 36. Ke2 {[%emt 0:02:11]} Nd5 {[%emt 0:00:50]} 37. Rdc2 {[%emt 0:01:27]} Nc7 {[%emt 0:03:29]} 38. gxf4 {[%emt 0:00:21]} gxf4 {[%emt 0:00:07]} 39. Rg1 {[%emt 0:00:18]} Nb5 {[%emt 0:01:25]} 40. Rg7 {[%emt 0:00:00]} Rc7 {[%emt 0:00:00]} 41. Rg4 {[%emt 0:03:23]} Kf5 {[%emt 0:06:34]} 0-1

[Event "3rd Memorial Warakomska 2019"]
[Site "Suwalki"]
[Date "2019.08.09"]
[Round "6.42"]
[White "Chan, Kim Yew"]
[Black "Oborski, Artur"]
[Result "1/2-1/2"]
[WhiteElo "2276"]
[BlackElo "1969"]
[Annotator "NA"]
[PlyCount "185"]
[EventDate "2019.08.05"]
[EventType "swiss"]
[EventCountry "POL"]
[SourceTitle "playchess.com"]
[Source "ChessBase"]
[SourceQuality "1"]
[TimeControl "40/5400+30:1800+30"]

1. b3 {[%emt 0:03:54]} d6 {[%emt 0:00:00]} 2. Bb2 {[%emt 0:00:19]} e5 {[%emt 0:00:00]} 3. c4 {[%emt 0:00:33]} g6 {[%emt 0:00:31]} 4. d4 {[%emt 0:03:09]} Bg7 {[%emt 0:00:09]} 5. dxe5 {[%emt 0:00:57]} Nd7 {[%emt 0:00:52]} 6. Nf3 {[%emt 0:02:16]} dxe5 {[%emt 0:01:15]} 7. g3 {[%emt 0:00:20]} Ne7 {[%emt 0:00:37]} 8. Bg2 {[%emt 0:00:45]} O-O {[%emt 0:00:16]} 9. Qc1 {[%emt 0:02:07]} Nc6 {[%emt 0:02:33]} 10. O-O {[%emt 0:02:37]} e4 {[%emt 0:07:42]} 11. Ne1 {[%emt 0:08:12]} f5 {[%emt 0:04:43]} 12. Bxg7 {[%emt 0:01:31]} Kxg7 {[%emt 0:00:07]} 13. Qb2+ {[%emt 0:00:54]} Nf6 {[%emt 0:03:04]} 14. Nc3 {[%emt 0:04:08]} Be6 {[%emt 0:00:55]} 15. Rd1 {[%emt 0:07:24]} Qe7 {[%emt 0:00:47]} 16. f3 {[%emt 0:04:50]} Qc5+ {[%emt 0:05:50]} 17. Kh1 {[%emt 0:01:07]} Qe5 {[%emt 0:01:32]} 18. f4 {[%emt 0:12:38]} Qc5 {[%emt 0:01:50]} 19. Nd5 {[%emt 0:01:28]} Bxd5 {[%emt 0:03:34]} 20. Rxd5 {[%emt 0:01:53]} Qe7 {[%emt 0:00:18]} 21. Nc2 {[%emt 0:00:44]} Kf7 {[%emt 0:00:28]} 22. Rdd1 {[%emt 0:04:12]} Rad8 {[%emt 0:08:22]} 23. b4 {[%emt 0:04:05]} Rxd1 {[%emt 0:01:57]} 24. Rxd1 {[%emt 0:00:02]} Rd8 {[%emt 0:00:11]} 25. Rxd8 {[%emt 0:10:15]} Qxd8 {[%emt 0:00:07]} 26. Qc1 {[%emt 0:02:53]} Qd7 {[%emt 0:06:51]} 27. Qe1 {[%emt 0:04:47]} Nd4 {[%emt 0:12:38]} 28. Ne3 {[%emt 0:01:25]} Ne6 {[%emt 0:02:47]} 29. Qc3 {[%emt 0:02:45]} Qd4 {[%emt 0:03:39]} 30. Qxd4 {[%emt 0:00:02]} Nxd4 {[%emt 0:00:07]} 31. Bf1 {[%emt 0:00:01]} h5 {[%emt 0:01:39]} 32. h3 {[%emt 0:02:52]} Ke6 {[%emt 0:04:36]} 33. Kg2 {[%emt 0:00:13]} c6 {[%emt 0:01:40]} 34. Kf2 {[%emt 0:01:11]} b6 {[%emt 0:04:58]} 35. Ke1 {[%emt 0:01:14]} c5 {[%emt 0:05:23]} 36. bxc5 {[%emt 0:01:43]} bxc5 {[%emt 0:00:23]} 37. Kd2 {[%emt 0:00:26]} Kd6 {[%emt 0:00:47]} 38. Ng2 {[%emt 0:01:15]} Nc6 {[%emt 0:03:03]} 39. e3 {[%emt 0:00:59]} Ne7 {[%emt 0:01:36]} 40. Kc3 {[%emt 0:00:00]} Kc6 {[%emt 0:00:00]} 41. Be2 {[%emt 0:03:54]} Kb6 {[%emt 0:01:24]} 42. Bd1 {[%emt 0:00:31]} Ka5 {[%emt 0:00:52]} 43. Ne1 {[%emt 0:01:09]} Nc6 {[%emt 0:02:15]} 44. a3 {[%emt 0:00:32]} Ne7 {[%emt 0:00:28]} 45. Nc2 {[%emt 0:00:32]} Nc6 {[%emt 0:01:31]} 46. Na1 {[%emt 0:00:24]} Nd8 {[%emt 0:01:11]} 47. Nb3+ {[%emt 0:00:06]} Kb6 {[%emt 0:00:05]} 48. Nd2 {[%emt 0:00:32]} Ka5 {[%emt 0:00:36]} 49. Kb3 {[%emt 0:02:49]} a6 {[%emt 0:03:30]} 50. Nb1 {[%emt 0:00:26]} Kb6 {[%emt 0:01:23]} 51. Nc3 {[%emt 0:00:18]} Kc6 {[%emt 0:00:11]} 52. Kb2 {[%emt 0:03:05]} Kd6 {[%emt 0:04:05]} 53. Ne2 {[%emt 0:01:19]} Nb7 {[%emt 0:01:23]} 54. Kc3 {[%emt 0:00:09]} Nd8 {[%emt 0:00:57]} 55. Ba4 {[%emt 0:00:25]} Nb7 {[%emt 0:00:30]} 56. Nc1 {[%emt 0:00:11]} Na5 {[%emt 0:00:44]} 57. Bd1 {[%emt 0:00:28]} Nb7 {[%emt 0:00:19]} 58. Kd2 {[%emt 0:00:12]} Na5 {[%emt 0:00:38]} 59. Be2 {[%emt 0:00:02]} Nd7 {[%emt 0:01:02]} 60. Kc3 {[%emt 0:01:01]} Nf6 {[%emt 0:01:33]} 61. Bd1 {[%emt 0:02:01]} Nb7 {[%emt 0:00:12]} 62. Nb3 {[%emt 0:00:13]} Kc6 {[%emt 0:00:17]} 63. Nd2 {[%emt 0:01:10]} Kd6 {[%emt 0:00:07]} 64. Nf1 {[%emt 0:00:25]} Kc6 {[%emt 0:06:51]} 65. Nd2 {[%emt 0:01:35]} Kd6 {[%emt 0:00:10]} 66. Be2 {[%emt 0:00:05]} Nd8 {[%emt 0:00:38]} 67. Kc2 {[%emt 0:00:12]} Kc6 {[%emt 0:01:55]} 68. Nb1 {[%emt 0:00:10]} Nb7 {[%emt 0:01:03]} 69. Nc3 {[%emt 0:00:19]} Kd6 {[%emt 0:00:59]} 70. Nd1 {[%emt 0:00:06]} Nd8 {[%emt 0:01:15]} 71. Nf2 {[%emt 0:00:37]} Nf7 {[%emt 0:02:11]} 72. g4 {[%emt 0:03:16]} hxg4 {[%emt 0:05:02]} 73. hxg4 {[%emt 0:00:08]} fxg4 {[%emt 0:01:18]} 74. Nxg4 {[%emt 0:02:30]} Nh5 {[%emt 0:00:22]} 75. Nf2 {[%emt 0:01:47]} Ng3 {[%emt 0:00:22]} 76. Bg4 {[%emt 0:01:17]} Nh6 {[%emt 0:01:27]} 77. Bc8 {[%emt 0:00:48]} Nhf5 {[%emt 0:00:39]} 78. Kd2 {[%emt 0:04:06]} Nf1+ {[%emt 0:00:19]} 79. Ke2 {[%emt 0:00:16]} N1g3+ {[%emt 0:00:05]} 80. Kd2 {[%emt 0:00:24]} Nf1+ {[%emt 0:00:06]} 81. Ke1 {[%emt 0:00:50]} N1xe3 {[%emt 0:01:26]} 82. Nxe4+ {[%emt 0:00:02]} Kc6 {[%emt 0:00:13]} 83. Bxa6 {[%emt 0:00:35]} Ng2+ {[%emt 0:00:26]} 84. Kf2 {[%emt 0:00:34]} Nxf4 {[%emt 0:00:06]} 85. Bb5+ {[%emt 0:00:19]} Kb6 {[%emt 0:00:07]} 86. Nc3 {[%emt 0:01:02]} Nd6 {[%emt 0:00:44]} 87. Na4+ {[%emt 0:01:00]} Ka5 {[%emt 0:00:07]} 88. Nxc5 {[%emt 0:00:06]} Nxb5 {[%emt 0:00:07]} 89. cxb5 {[%emt 0:00:07]} Kxb5 {[%emt 0:00:04]} 90. Nd7 {[%emt 0:00:13]} Ka4 {[%emt 0:00:06]} 91. Kf3 {[%emt 0:00:05]} g5 {[%emt 0:00:04]} 92. Kg4 {[%emt 0:00:09]} Kxa3 {[%emt 0:00:04]} 93. Kxg5 {[%emt 0:00:06]} 1/2-1/2

[Event "3rd Memorial Warakomska 2019"]
[Site "Suwalki"]
[Date "2019.08.09"]
[Round "6.43"]
[White "Bai, Adelard"]
[Black "Kokoszczynski, Jan"]
[Result "1/2-1/2"]
[WhiteElo "2113"]
[BlackElo "2238"]
[Annotator "NA"]
[PlyCount "63"]
[EventDate "2019.08.05"]
[EventType "swiss"]
[EventCountry "POL"]
[SourceTitle "playchess.com"]
[Source "ChessBase"]
[SourceQuality "1"]
[TimeControl "40/5400+30:1800+30"]

1. d4 {[%emt 0:00:00]} d5 {[%emt 0:00:00]} 2. c4 {[%emt 0:00:00]} e6 {[%emt 0:00:00]} 3. Nf3 {[%emt 0:00:02]} a6 {[%emt 0:01:16]} 4. cxd5 {[%emt 0:11:32]} exd5 {[%emt 0:00:08]} 5. Nc3 {[%emt 0:00:17]} Nf6 {[%emt 0:00:12]} 6. Bg5 {[%emt 0:01:22]} Be6 {[%emt 0:00:23]} 7. e3 {[%emt 0:00:39]} Nbd7 {[%emt 0:03:36]} 8. Bd3 {[%emt 0:03:08]} Bd6 {[%emt 0:03:15]} 9. O-O {[%emt 0:01:32]} O-O {[%emt 0:03:46]} 10. Rc1 {[%emt 0:00:48]} c6 {[%emt 0:02:31]} 11. Bb1 {[%emt 0:03:04]} h6 {[%emt 0:05:51]} 12. Bh4 {[%emt 0:02:18]} Qc7 {[%emt 0:00:40]} 13. Bg3 {[%emt 0:15:47]} Rae8 {[%emt 0:08:58]} 14. Qd3 {[%emt 0:09:33]} Bxg3 {[%emt 0:03:06]} 15. hxg3 {[%emt 0:00:12]} Qd6 {[%emt 0:00:30]} 16. Nd2 {[%emt 0:05:07]} Rd8 {[%emt 0:04:35]} 17. a3 {[%emt 0:02:21]} c5 {[%emt 0:04:30]} 18. dxc5 {[%emt 0:08:20]} Nxc5 {[%emt 0:00:25]} 19. Qc2 {[%emt 0:00:14]} Rc8 {[%emt 0:03:56]} 20. Nf3 {[%emt 0:04:16]} Rfd8 {[%emt 0:05:57]} 21. Nd4 {[%emt 0:01:21]} Qe7 {[%emt 0:01:45]} 22. Ba2 {[%emt 0:03:10]} b5 {[%emt 0:08:24]} 23. Qe2 {[%emt 0:04:27]} Rc7 {[%emt 0:04:30]} 24. Nxe6 {[%emt 0:03:06]} fxe6 {[%emt 0:03:11]} 25. Rfd1 {[%emt 0:03:16]} Rdc8 {[%emt 0:00:36]} 26. Nb1 {[%emt 0:03:02]} Nce4 {[%emt 0:04:21]} 27. Qe1 {[%emt 0:00:55]} Qd6 {[%emt 0:03:52]} 28. Nd2 {[%emt 0:01:36]} Qe5 {[%emt 0:02:15]} 29. Nxe4 {[%emt 0:01:42]} Nxe4 {[%emt 0:00:07]} 30. Rxc7 {[%emt 0:00:46]} Qxc7 {[%emt 0:08:50]} 31. Bb1 {[%emt 0:00:28]} Qe5 {[%emt 0:06:02]} 32. Rc1 1/2-1/2

[Event "3rd Memorial Warakomska 2019"]
[Site "Suwalki"]
[Date "2019.08.09"]
[Round "6.44"]
[White "Korbal, Arkadiusz"]
[Black "Wolanski, Michal"]
[Result "1-0"]
[WhiteElo "2178"]
[BlackElo "2007"]
[Annotator "NA"]
[PlyCount "63"]
[EventDate "2019.08.05"]
[EventType "swiss"]
[EventCountry "POL"]
[SourceTitle "playchess.com"]
[Source "ChessBase"]
[SourceQuality "1"]
[TimeControl "40/5400+30:1800+30"]

1. e4 {[%emt 0:00:00]} c5 {[%emt 0:00:00]} 2. Nf3 {[%emt 0:00:00]} g6 {[%emt 0:00:00]} 3. d4 {[%emt 0:00:00]} cxd4 {[%emt 0:00:00]} 4. Qxd4 {[%emt 0:00:00]} Nf6 {[%emt 0:00:00]} 5. Nc3 {[%emt 0:00:19]} Bg7 {[%emt 0:00:46]} 6. e5 {[%emt 0:00:48]} Nc6 {[%emt 0:00:14]} 7. Qa4 {[%emt 0:00:18]} Ng8 {[%emt 0:05:20]} 8. Bf4 {[%emt 0:00:56]} Nh6 {[%emt 0:00:54]} 9. h3 {[%emt 0:01:20]} O-O {[%emt 0:01:16]} 10. O-O-O {[%emt 0:02:20]} f6 {[%emt 0:10:21]} 11. Bc4+ {[%emt 0:14:27]} Kh8 {[%emt 0:03:15]} 12. e6 {[%emt 0:09:06]} d6 {[%emt 0:04:23]} 13. g4 {[%emt 0:04:16]} Ne5 {[%emt 0:04:48]} 14. Nxe5 {[%emt 0:01:19]} fxe5 {[%emt 0:01:14]} 15. Be3 {[%emt 0:00:09]} a6 {[%emt 0:07:02]} 16. Bd5 {[%emt 0:03:50]} Rb8 {[%emt 0:01:11]} 17. h4 {[%emt 0:03:03]} b5 {[%emt 0:02:22]} 18. Qe4 {[%emt 0:00:12]} b4 {[%emt 0:08:56]} 19. Ne2 {[%emt 0:00:15]} Qc7 {[%emt 0:03:01]} 20. h5 {[%emt 0:03:12]} g5 {[%emt 0:00:15]} 21. Bxg5 {[%emt 0:04:16]} Bb7 {[%emt 0:04:19]} 22. Be3 {[%emt 0:00:39]} Bxd5 {[%emt 0:00:51]} 23. Rxd5 {[%emt 0:00:28]} Rfc8 {[%emt 0:09:41]} 24. g5 {[%emt 0:02:47]} Ng4 {[%emt 0:00:37]} 25. h6 {[%emt 0:00:43]} Bxh6 {[%emt 0:08:48]} 26. Rc5 dxc5 {[%emt 0:07:57]} 27. Qxg4 {[%emt 0:05:17]} Rg8 {[%emt 0:02:01]} 28. Rxh6 {[%emt 0:00:34]} Rg7 {[%emt 0:01:46]} 29. g6 {[%emt 0:02:52]} Qc8 {[%emt 0:01:39]} 30. Qh5 {[%emt 0:01:40]} Qg8 {[%emt 0:00:20]} 31. Qxe5 {[%emt 0:00:18]} Rf8 {[%emt 0:01:38]} 32. Rxh7+ {[%emt 0:00:30]} 1-0